| 000 | 00762nam a22002297a 4500 | ||
|---|---|---|---|
| 999 |
_c6905 _d6905 |
||
| 003 | OSt | ||
| 005 | 20210507113037.0 | ||
| 008 | 210507b ||||| |||| 00| 0 eng d | ||
| 020 | _a031225895X | ||
| 040 | _cMUST LIB | ||
| 082 |
_a384 _bCAN 2003 |
||
| 100 |
_aCanary, Daniel J _914164 |
||
| 245 |
_aInterpersonal communication : _b a goals-based approach / _cDaniel J. Canary, Michael J. Cody, Valerie L. Manusov |
||
| 250 | _a3rd.ed. | ||
| 260 |
_aBoston : _bBedford/St. Martin's, _c c2003 |
||
| 300 |
_axv, 558 p. : _b ill. ; _c24 cm |
||
| 504 | _aIncludes bibliographical references and indexes | ||
| 690 |
_aInterpersonal communication _910023 |
||
| 690 |
_aInterpersonal relations _92275 |
||
| 690 |
_aInterpersonal conflict _914165 |
||
| 942 |
_2z _cBOOK |
||